00614nam a2200193 a 450000100060000000300080000600500170001400800410003103500190007204000270009104100080011808200210012610000190014724500480016626000430021430000210025750001090027865100330038727253BD-RjUL20211209051130.0140324s1961 nyu 000 0 eng d a(BD-RjUL)27325 aDLCcAKRdBD-RjULbeng aeng00a965.04bKRS 19611 aKraft, Joseph.14aThe struggle for Algeria /cby Joseph Kraft aGarden City, N.Y :bDoubleday,cc1961. a263 p. ;c22 cm. aCopyright 1958 by Curtis Publishing Co.; Copyright 1961 by Council on Foreign Relations, and by J. Kraft 0aAlgeriaxHistoryy1945-1962.